| 000 | 00000nam##2200000za#4500 |
| 001 | 9.574799 |
| 003 | CaOODSP |
| 005 | 20210624184347 |
| 007 | cr ||||||||||| |
| 008 | 150406|2008||||xxc|||||o f|0| 0 eng|d |
| 040 | |aCaOODSP|beng |
| 043 | |an-cn--- |
| 086 | 1 |aT41-1/63E-PDF |
| 110 | 1 |aCanada. |bTransport Canada. |
| 245 | 10|aParking management in Canada |h[electronic resource] |
| 260 | |aOttawa - Ontario : |bTransport Canada |cJuly 2008. |
| 300 | |a9p.|bphotographs |
| 490 | 1 |aCase studies in sustainable transportation |vIssue paper 63 |
| 500 | |aAt head of title: Urban Transportation Showcase Program. "Calgary, Vancouver, Burnaby, Quebec". |
| 590 | |a12-36-Supp|b2012-08-22 |
| 775 | 08|tLa gestion du stationnement au Canada |w(CaOODSP)9.604529 |
| 830 | #0|aCase studies in sustainable transportation ;|vIssue paper 63|w(CaOODSP)9.506851 |
| 856 | 40|ahttp://publications.gc.ca|qPDF|s327 KB|uhttps://publications.gc.ca/collections/collection_2012/tc/T41-1-63-eng.pdf|yIssue paper 63 |